000 01495cam a2200421Mi 4500
001 41970
005 20230411085636.0
008 961231s1994 sp 000 0 spa d
035 _a(OCoLC)ocm36226862
040 _aPL#
_bspa
_cPL#
_dPBR
_dEL$
_dOCLCQ
_dDIBAM
_dDRFGD
020 _a8486168902
020 _a9788486168902
020 _a8436808177 (Pirámide)
020 _a9788436808179 (Pirámide)
029 0 _aPL#
_b8486168902
035 _a(OCoLC)36226862
041 1 _aspaeng
050 1 4 _aZ 680.3
_bA216c 1994
082 0 0 _a025.04
049 _aGRAL
100 1 _aAdams, Roy.
245 1 0 _aComunicaciónes y acceso a la información en la biblioteca /
_cRoy Adams ; traducción de lnglés: David Torra Ferrer.
260 _aMadrid, etc. :
_bFundación Germán Sánchez Ruipérez ;
_aMadrid :
_bPirámide,
_c1994.
300 _a319 p. ;
_c22 cm.
440 0 _aBiblioteca del Libro ;
_v59
500 _aTítulo original: Communication and delivery systems for librarians.- ISBN de la ed. Pirámide: 84-368-0817-7.
650 0 _aLibraries
_xCommunication systems.
650 0 _aTelecommunication in libraries.
650 0 _aLibrary information networks.
650 0 _aDocument delivery.
653 _aBibliotecas
_aInnovaciones tecnológicas.
650 7 _aBIBLIOTECAS
_xINNOVACIONES TECNOLOGICAS.
_2renib
700 1 _aTorra Ferrer, David,
_etr.
938 _aPuvill Libros
_bPUVL
_n8486168902
_c$29.72
942 _2lcc
_cbk
946 _amjcruz
994 _aC0
_bDRFGD
999 _c105189
_d105189